Normal view
MARC view
- Lucido, Paz I.
Entry Personal Name
001 - CONTROL NUMBER
- control field: 18533
003 - CONTROL NUMBER IDENTIFIER
- control field: OSt
005 - DATE AND TIME OF LATEST TRANSACTION
- control field: 20170124085723.0
008 - FIXED-LENGTH DATA ELEMENTS
- fixed length control field: 170124|| aca||aabn | a|a d
040 ## - CATALOGING SOURCE
- Original cataloging agency: OSt
100 ## - HEADING--PERSONAL NAME
- Personal name: Lucido, Paz I.
